00173nam a2200073Ia 4500008004100000082000800041100001300049245003700062240331s9999 xx 000 0 und d bPEN aWERC. ed 0aPenkalukkanachaddaviyal vilakkam